00735nam a22001817a 450000500170000000800410001704000090005804100080006708200180007510000220009324500210011526000420013630000260017852002580020465000240046265000440048670000230053020220624141051.0220624b ||||| |||| 00| 0 eng d cAloy aeng 223a901bLOHW aRamachandra Lohia aWheel of history aBombay:bA Sindhu Publications,c1985 axi,86p.bPBc21x14cm. aThe book brings toget a series of thought provoking lectures delivered by Lohia in his own inimitable way. These cover his views on such subjects like Purpose and History, Materialist Interpretation of History, Class and Caste, Continental Shifts and Me aModern Civilization aMaterialistic Interpretation of History aLOHIA (Rammanohar)